00733nam a22002057a 45000010005000000030009000050050017000140080041000310400028000720820024001001000020001242450128001442500012002722600038002843000044003225040054003666500036004206500046004567000025005021447BD-DhUAP20210118140838.0200126s1994 bg a b 000 0 eng d aDLCcDLCdBD-DhUAPbEng00223a333.7095492 SHA1 aShamim, Ishrat.10aEnergy and water crisis in rural households :blinkages with women's work and time /cIshrat Shamim and Khaleda Salahuddin. a1st ed. aDhaka :bWomen for Women,cc1994. av, 181 pages :billustrations ;c22 cm. aIncludes bibliographical references (p. 165-171). 0aEnergy consumptionzBangladesh. 0aWater-supplyxSocial aspectszBangladesh. aSalahuddin, Khaleda.